Športovala vyše polovica Beľanov

Bibliographic Details
Main Author: (red) (Author)
Format: Article
Language:Slovak
Subjects:

MARC

LEADER 00000nab a2200000 r4500
001 vtls011762006
003 SK-MaSNL
005 20260305032646.0
008 180614c2018 xo wr|p|||||||000 b|slo
015 |a SNBRB2018/06 
038 |a PPPK 
040 |a PPPKCL  |b slo  |e rda 
041 0 |a slo 
043 |a e-xo--- 
044 |a xo  |c SK 
072 7 |a 796  |x Šport. Hry. Telesné cvičenia  |2 konspekt 
080 |a 796.034.2  |2 2011 
080 |a 796.093  |2 2011 
100 0 |a (red)  |4 aut  |9 848321 
245 1 0 |a Športovala vyše polovica Beľanov  |c [autor] (red) 
336 |a text  |b txt  |2 rdacontent 
337 |a bez média  |b n  |2 rdamedia 
338 |a zväzok  |b nc  |2 rdacarrier 
611 2 7 |a Challenge Day  |d (2018 :  |c Spišská Belá, Slovensko)  |2 pppkcl  |9 1610301 
648 7 |a 30.5.2018  |2 pppkcl  |9 1348482 
650 0 7 |a šport  |2 pppkcl  |9 1042 
650 0 7 |a športové aktivity  |2 pppkcl  |9 49994 
650 0 7 |a športové súťaže  |2 pppkcl  |9 1047 
651 7 |a Spišská Belá (Slovensko)  |2 pppkcl  |9 16198 
651 7 |a Kežmarok (Slovensko : okres)  |2 pppkcl  |9 51824 
773 0 |t Podtatranské noviny  |g Roč. LIX, č. 23 (2018), s. 6  |x 1210-2423 
852 |a PPPK  |b KIS3GCP 
999 |c 3321021  |d 3322951